Opciones de desarrollo regional y capacidad de exportación

Պահպանված է:
Մատենագիտական մանրամասներ
Հիմնական հեղինակ: Toranzo Roca, Carlos
Ձևաչափ: Տեքստ
Հրապարակվել է: La Paz: EDOBOL
Ցուցիչներ: Ավելացրեք ցուցիչ
Չկան պիտակներ, Եղեք առաջինը, ով նշում է այս գրառումը!

MARC

LEADER 00000 a a2200000 04500
001 23372
003
040
090 |a 162600  
100 |a Toranzo Roca, Carlos  
245 |a Opciones de desarrollo regional y capacidad de exportación  
260 |a La Paz:   |b EDOBOL  
300 |a 194 p.   |b **no definido**  
999 |c 11637  |d 11637